[Event "FIDE-Wch k.o."]
[Site "Las Vegas"]
[Date "1999.08.04"]
[Round "2.2"]
[White "Sokolov, Ivan"]
[Black "Shirov, Alexei"]
[Result "0-1"]
[WhiteElo "2656"]
[BlackElo "2734"]
[Annotator "Huzman,A"]
[PlyCount "48"]
[EventDate "1999.07.31"]
[EventType "k.o."]
[EventRounds "7"]
[EventCountry "USA"]
[SourceTitle "CBM 072"]
[Source "ChessBase"]
[SourceDate "1999.10.01"]
[SourceVersion "1"]
[SourceVersionDate "1999.10.01"]
[SourceQuality "1"]

1. d4 Nf6 2. Nf3 g6 3. c4 Bg7 4. Nc3 O-O 5. e4 d6 6. Be2 e5 7. O-O Nc6 8. Be3
Ng4 9. Bg5 f6 10. Bc1 f5 11. Bg5 Qe8 12. dxe5 dxe5 (12... fxe4 $5 13. Nxe4 (13.
Qd5+ Qf7 14. Qxf7+ Rxf7 15. Nxe4 Ngxe5 $15) 13... Ngxe5 14. Re1 Qf7 $11) (12...
h6 13. Nd5 Qf7 14. exf5 (14. exd6 fxe4 15. Nxc7 Rb8 16. Bh4 exf3 17. Bxf3 Qf5
18. h3 Nge5 19. Bd5+ Kh8 20. f4 $44 {1-0 Cserna,L-Klundt,K/West Berlin 1984/
Inf 38 (31)}) 14... Bxf5 15. Bf6 Nxf6 16. exf6 Bxf6 17. Nxf6+ Qxf6 $11 {
1-0 Haag,E-Heilmeier/Wuerzburg 1987/EXT 87op (40)}) (12... Ngxe5 13. Nxe5 Qxe5
14. exf5 Nd4 15. Bd3 Bxf5 16. Re1 Qc5 17. Be3 Rae8 18. Nb5 Rxe3 19. Rxe3 Nxb5
20. cxb5 Bd4 21. Rf3 $16 {1-0 Petersen,L-Sperber,L/Koge 1997/EXT 97 (48)}) 13.
h3 (13. Nd5 Qf7 (13... Rf7 14. Bd2 Nf6 15. Ng5 Rd7 (15... Re7 16. exf5 gxf5 17.
f4 e4 18. Bc3 Nxd5 19. cxd5 Bxc3 20. bxc3 Nd8 21. Bb5 c6 22. Bc4 $16 {1-0 Vera,
R-Pecorelli Garcia,H/Matanzas 1997/EXP 57 (32)}) 16. exf5 gxf5 17. f4 e4 18.
Bc3 Nxd5 19. cxd5 Nd8 $13 {0-1 Van der Sterren,P-Van Wely,L/Wijk aan Zee 1993/
CBM 34 (40)}) 14. Be7 $5 (14. Bd2 Nf6 (14... fxe4 15. Ng5 Qd7 16. Bxg4 Qxg4 17.
Nxc7 Rb8 18. Qxg4 Bxg4 19. Nxe4 $16 {1-0 Meyer,E-Tums,J/Chicago 1973/EXT 99 
(45)}) 15. Ng5 Qd7 16. exf5 gxf5 17. f4 e4 18. Bc3 h6 19. Nxf6+ Bxf6 20. Qxd7
Bxd7 21. Bxf6 Rxf6 $15 {1-0 Van der Sterren,P-Van Wely,L/NLD-ch 1993/EXT 93ch 
(49)}) 14... Nxe7 15. Ng5 Qe8 16. Nxc7 Qc6 17. Nxa8 h6 18. exf5 (18. Bf3 hxg5
19. exf5 Nxf2 20. Rxf2 e4 $17) 18... hxg5 19. Bxg4 gxf5 $15) (13. exf5 gxf5 14.
Nd5 (14. h3 Nf6 15. Nd5 Qf7 16. Be3 h6 17. Nh4 Be6 18. f4 e4 $15 {0-1 Kanstler,
B-Bologan,V/Moscow 1991/URS-ch/[Knaak] (31) >< Nh4}) 14... Qf7 15. Bd2 e4 16.
Ng5 Qg6 17. Bf4 Bxb2 18. Nxc7 Bxa1 19. Qxa1 h6 20. Nh3 Be6 21. Nxa8 Rxa8 22.
Bg3 $16 {1-0 Csonkics,T-Stanic,J/Opatija 1995/EXT 97 (57)}) 13... Nf6 14. Bd3
$6 (14. Re1 $5) (14. Bxf6 Bxf6 15. Nd5 Qf7 16. c5 Be6 17. Nxf6+ Qxf6 18. Qa4
Kh8 19. exf5 gxf5 20. Rad1 Rg8 $36 {1/2-1/2 Csonkics,T-Wang Pin/Manila 1992/TD
92\07 (38)}) (14. c5 Nxe4 15. Nxe4 fxe4 16. Nd2 Nd4 17. Nxe4 Qc6 18. Bd3 Bf5
19. Re1 h6 20. Bh4 g5 21. Bg3 Rad8 $15 {1-0 Komljenovic,D-Ubilava,E/Ponferrada
1991/EXT 99 (41)}) 14... Be6 {[%csl Rd4][%cal Ya8d8,Yd8d1]} 15. Re1 (15. Nd5
Qf7 16. Bxf6 $5 Bxf6 17. Re1 $11) 15... Qf7 16. c5 (16. exf5 gxf5 17. Bh4 (17.
Nxe5 $2 Nxe5 18. Rxe5 Ne4 $17) 17... h6 (17... e4 18. Ng5 Qe7 19. f3) 18. Nxe5
Nxe5 19. Rxe5 Ne4 20. Rb5 c6 21. Rb3 Nc5 $17) 16... Nd7 $1 $17 17. Bb5 (17.
exf5 gxf5 18. Be3 h6 $17) (17. Bh4 h6 (17... Nxc5 18. Ng5 Qd7 (18... Qf6 19.
Nf3) 19. exf5 gxf5 20. Qh5 h6 21. Nxe6 Qxe6 $17) 18. exf5 gxf5 $17) 17... Nd4
18. Bxd7 (18. Be3 Nxf3+ 19. Qxf3 c6 20. Be2 f4 $19) 18... Bxd7 19. Bh4 Bc6 $1
20. Ng5 (20. Bg3 f4 21. Bh4 h6 $19) 20... Qf6 $1 $19 21. exf5 (21. Kh1 h6 22.
Nf3 g5 23. Bg3 f4 24. Bh2 Rad8 $19) 21... gxf5 22. Ne2 (22. Qh5 h6 23. Nge4 Qf7
$19) 22... Rad8 $1 23. Nxd4 Rxd4 24. Qh5 (24. Qb3+ Bd5 25. Qg3 Qc6 $19) 24...
h6 (24... h6 25. Nf3 Bxf3 26. Bxf6 Bxh5 $19) 0-1

[Event "VAM Hoogeveen op"]
[Site "Hoogeveen"]
[Date "1999.10.23"]
[Round "9"]
[White "Gurevich, Mikhail"]
[Black "Kasimdzhanov, Rustam"]
[Result "1/2-1/2"]
[WhiteElo "2643"]
[BlackElo "2603"]
[Annotator "Gurevich,M"]
[PlyCount "113"]
[EventDate "1999.10.15"]
[EventType "swiss"]
[EventRounds "9"]
[EventCountry "NED"]
[SourceTitle "EXT 2000"]
[Source "ChessBase"]
[SourceDate "1999.11.16"]
[SourceVersion "1"]
[SourceVersionDate "1999.11.16"]
[SourceQuality "1"]

1. d4 Nf6 2. c4 g6 3. Nc3 Bg7 4. e4 d6 5. Nf3 O-O 6. Be2 e5 7. O-O Nc6 8. d5
Ne7 9. Nd2 a5 10. a3 Bd7 11. b3 c6 12. Ra2 Bh6 {TN} (12... Qb8 {- 70/560}) 13.
Rc2 {[/\14.b4]} (13. b4 axb4 14. axb4 Rxa2 15. Nxa2 Bxd2 16. Bxd2 Nxe4 17. Bh6
$44) 13... c5 14. Ndb1 $1 Bg7 (14... Bxc1 15. Qxc1 {(/\16.f4|^>>)}) 15. Rb2 $5
{[/\16.b4|^<<]} (15. f4 $5 Ne8 (15... exf4 16. Bxf4 Ne8 17. Nd2 f5 18. Rc1 $36
{(/\19.Qc2,20.Rce1)}) 16. fxe5 Bxe5 17. Nd2 $5 f5 18. Nf3 $14 Bxc3 19. Rxc3
fxe4 20. Ng5 $44) 15... Ne8 16. b4 b6 (16... axb4 17. axb4 b6 18. bxc5 bxc5 19.
Nb5 f5 20. N1c3 $14) 17. bxc5 bxc5 18. Qb3 $1 {[/\19.Qb6|^<<]} f5 19. Qb6 Qc8
20. Bg5 $1 {[/\21.Nd2,22.Rfb1]} Rf7 $5 (20... Bf6 21. Bxf6 (21. h4 $5) 21...
Rxf6 22. Nd2 $16) 21. Nd2 Bf8 (21... h6 22. Bxe7 Rxe7 23. Rfb1 $14) 22. Rfb1 h6
23. Bxe7 Bxe7 24. Qb7 Qd8 {[#]} 25. Qxa8 $1 Qxa8 26. Rb8 Qa7 27. R1b7 Qxb7 (
27... Qa6 28. Rxd7 Bg5 (28... Kf8 29. Nb5 $18 {/\30.Rxe8}) 29. Rxe8+ Kg7 30.
Rxf7+ Kxf7 31. Re6 $1 Bxd2 32. Nb5 $18) 28. Rxb7 Bg5 29. Ndb1 $1 (29. Nf3 Bc1
$132) 29... Bc1 30. Bd3 (30. Rb6 $1 $16 {(/\31.Bd3,32.Ra6)}) (30. Ra7 fxe4 31.
Nxe4 (31. Rxa5 e3 $132) 31... Bf5 $132) 30... Nf6 31. exf5 $6 (31. Rb6 fxe4 32.
Bxe4 $1 $16 (32. Nxe4 Nxe4 33. Bxe4 Bf5 34. Bxf5 Rxf5 35. Rxd6 Rf4 36. Rxg6+
Kf7 37. Rxh6 Rxc4 $132) 32... Nxe4 33. Nxe4 $16) 31... Bxf5 32. Rb8+ Rf8 (32...
Kg7 33. Bxf5 gxf5 34. Rb6 $16) 33. Rxf8+ Kxf8 34. Bxf5 gxf5 35. Ne2 $1 Bb2 (
35... Bg5 36. Ng3 f4 37. Nf5 $16) 36. Ng3 f4 37. Nf5 Nd7 $1 $13 {[/\38...
Nb6<=>]} 38. Nxd6 Nb6 39. Nb7 (39. g4 Ke7 40. Ne4 (40. Nf5+ Kd7 $13) 40... Nxc4
$15) 39... Nxc4 40. d6 (40. Nxc5 Nxa3 41. Nxa3 Bxa3 42. Nd7+ Ke8 43. Nxe5 a4
$132) 40... Ke8 41. Nxc5 Nxd6 $6 (41... Bd4 $1 42. Ne4 Kd7 $15) 42. Kf1 Nc4 43.
a4 $11 Ke7 44. Ke2 Kd6 45. Nb3 (45. Ne4+ Kd5 46. Kd3 Bd4 47. Nbc3+ Bxc3 48.
Nxc3+ Kc5 $13) 45... e4 46. N1d2 Nxd2 47. Kxd2 Ba3 48. Kc3 f3 (48... Bc5 49. f3
Bb4+ 50. Kd4 e3 51. Nc1 $14) 49. gxf3 Bb4+ 50. Kd4 exf3 51. Ke4 Bc3 52. h3 h5
53. Kxf3 Kd5 54. Kf4 (54. Nc1 $5 Kc4 55. Ke4 Bf6 56. Nd3 Kb3 $11) 54... Kc4 55.
Nxa5+ Bxa5 56. Kg5 Be1 $1 $11 57. Kxh5 1/2-1/2

[Event "Belfort Comtois 4th"]
[Site "Belfort"]
[Date "1999.12.14"]
[Round "2"]
[White "Gurevich, Mikhail"]
[Black "Bologan, Viktor"]
[Result "1/2-1/2"]
[WhiteElo "2643"]
[BlackElo "2620"]
[Annotator "Huzman,A"]
[PlyCount "82"]
[EventDate "1999.12.13"]
[EventType "tourn"]
[EventRounds "6"]
[EventCountry "FRA"]
[EventCategory "15"]
[SourceTitle "CBM 075"]
[Source "ChessBase"]
[SourceDate "2000.04.05"]
[SourceVersion "1"]
[SourceVersionDate "2000.04.05"]
[SourceQuality "1"]

1. d4 Nf6 2. c4 g6 3. Nc3 Bg7 4. e4 d6 5. Nf3 O-O 6. Be2 e5 7. O-O Nc6 8. d5
Ne7 9. Nd2 c5 10. Rb1 Ne8 11. b4 b6 12. bxc5 bxc5 13. Nb3 f5 14. Bg5 h6 15.
Bxe7 Qxe7 16. Na5 Nf6 17. Nc6 Qe8 (17... Qd7 18. Qc2 (18. exf5 gxf5 19. Qc2 (
19. Rb3 e4 20. Qc1 Bb7 21. Qf4 Bxc6 22. dxc6 Qxc6 23. Nb5 Nh7 24. Nxd6 $14 {
0-1 Pekarek,A-Sznapik,A/Warsaw 1987/CBM 03 (41)}) (19. Rb8 Rxb8 20. Nxb8 Qc7
21. Nc6 a6 22. Qa4 e4 $132 {1/2-1/2 Schlager,T-Fehling,M/Germany 1989/GER-chT2
(27)}) 19... Re8 20. Rb3 e4 21. Qd2 Bb7 22. Na5 Ba6 23. Rfb1 Ng4 $132 {1/2-1/2
Kozlov,V-Taborov,B/Belgorod 1989/TD (51)}) (18. f3 h5 19. Qe1 Bh6 20. Bd1 Ba6
21. Ba4 Qh7 22. Bb5 Bc8 23. Rb3 h4 $132 {1-0 Hertneck,G-Wahls,M/Munich 1991/
CBM 23/ (39)}) 18... f4 19. f3 Nh7 20. Rb2 Bf6 21. Rfb1 Bd8 22. a4 Nf6 23. a5
Ne8 24. Rb8 $36 {1/2-1/2 Beilfuss,W-Schoene,R/Germany 1992/GER-chT (32)}) 18.
Bd3 (18. exf5 gxf5 19. Qa4 Rf7 20. Nb5 Qd7 21. Rb3 f4 22. Rfb1 Bf8 23. Qa5 Rg7
24. Na3 Qf5 25. Bf1 Qh5 {1/2-1/2 Krasenkow,M-Neverov,V/Odessa 1989/TD (25)}) (
18. f3 Rf7 19. Qa4 h5 20. Nb5 {1/2-1/2 Dautov,R-Krasenkow,M/Moscow 1990/CBM 21
(20)}) 18... Rf7 $1 (18... f4 19. Nb5 Qd7 20. f3 g5 21. Qe1 Ne8 22. Qa5 Bf6 23.
Nbxa7 $16 {1/2-1/2 Dokhoian,Y-Wahls,M/Germany 1991/GER-chT (45)}) 19. Rb3 (19.
Nb5 Bf8) 19... Bf8 20. Qc2 f4 21. f3 g5 22. Be2 (22. Rfb1 $5 g4 23. Be2 Rg7 (
23... gxf3 24. Bxf3 Bg4 25. Rb8 Rxb8 26. Rxb8 Qd7 27. Rd8 $16) 24. Rb8 Rxb8 25.
Rxb8 gxf3 26. Bxf3 $36 {<<}) 22... Rg7 23. Rfb1 Bd7 24. Rb8 Rxb8 25. Rxb8 Qh5
$132 {[%cal Yg5g4]} 26. Nd8 $1 (26. Nb5 g4 $40) (26. Ra8 g4 27. fxg4 Nxg4 28.
Bxg4 Bxg4 29. Rxa7 Rg5 $40) (26. h3 Bxh3 27. gxh3 Qxh3 $40 {[%cal Yg5g4]})
26... g4 27. fxg4 Qh4 (27... Nxg4 28. h3 (28. Bxg4 Qxg4 29. Qf2 Qh3 $36) 28...
Qh4 (28... Qxh3 29. gxh3 Ne3+ 30. Kh2 Nxc2 31. Ne6 Rf7 (31... Bxe6 32. dxe6 $44
{[%cal Gc3d5]} Ne3 33. Nd5 Nxd5 34. cxd5) 32. Bh5 (32. Bg4 Ne3) 32... Rf6 33.
Rd8 (33. Bg6 f3 34. Bh7+ Kxh7 35. Nxf8+ Kg7 36. Nxd7 Rf7 $17) 33... Rxe6 (33...
Bxe6 34. dxe6 Rxe6 35. Nd5 Ne3 36. Rd7 $16) 34. dxe6 Bxe6 35. Nd5 $16) 29. hxg4
Qe1+ 30. Bf1 (30. Kh2 Qh4+ $11) 30... Qe3+ 31. Qf2 (31. Kh1 Rxg4 $19) 31...
Qxc3 32. Ne6 Bxe6 33. dxe6 $132 {/=}) 28. Qd2 Bxg4 (28... Nxg4 29. Bxg4 Qxg4
30. Ne6 Bxe6 31. dxe6 Qxe6 (31... f3 32. g3 Qxe6 33. Qd5 Qxd5 34. Nxd5 $16) 32.
Qd5 Qxd5 33. Nxd5 $44 {/+/-} (33. exd5 f3 34. g3 Rg4 $1 $17)) 29. Ne6 $1 (29.
Bxg4 Nxg4 30. h3 f3 $1 31. hxg4 (31. Ne6 f2+ 32. Kf1 Nh2+ $19) 31... fxg2 $1
$19) 29... Bxe6 30. dxe6 Qh3 31. Bf3 Qxe6 (31... Qxf3 $2 32. e7 $18) 32. Nd5
$44 {/=} Nh7 $6 {[%cal Yh7g5]} (32... Nd7 $5 33. Rb7 Nb6 34. Rxg7+ Kxg7 35.
Nxb6 axb6 36. Qc2 $11 {[%cal Ga2a4]}) 33. Qa5 $1 Nf6 (33... Ng5 $2 34. Bg4 $1
Qg6 (34... Qxg4 35. Nf6+ $18) 35. Qd8 Nh7 (35... Rf7 36. Ne7+ $18) (35... Qf7
36. Nf6+ $18) 36. Qe7 $1 Kh8 37. Rxf8+ Nxf8 38. Qxf8+ Rg8 39. Ne7 $1 $18) 34.
Qd8 Rf7 35. Kf1 (35. Nxf6+ $5 Qxf6 (35... Rxf6 36. Bh5 $36) 36. Bh5 Re7 $11 37.
a4 Kg7 38. a5 $36) 35... Kg7 36. Ke2 Nd7 37. Rb7 Nb6 38. Rxf7+ Qxf7 39. Kd3 $11
Nxd5 40. exd5 Qb7 41. Kc2 Qe7 1/2-1/2

[Event "Tan Chin Nam Cup 7th"]
[Site "Shanghai"]
[Date "2001.07.11"]
[Round "3"]
[White "Xu, Jun"]
[Black "Ye, Jiangchuan"]
[Result "1/2-1/2"]
[WhiteElo "2655"]
[BlackElo "2671"]
[Annotator "Tsesarsky,I"]
[PlyCount "59"]
[EventDate "2001.07.09"]
[EventType "tourn"]
[EventRounds "9"]
[EventCountry "CHN"]
[EventCategory "16"]
[SourceTitle "CBM 085"]
[Source "ChessBase"]
[SourceDate "2001.11.13"]
[SourceVersion "1"]
[SourceVersionDate "2001.11.13"]
[SourceQuality "1"]

1. d4 Nf6 2. c4 g6 3. Nc3 Bg7 4. e4 d6 5. Nf3 O-O 6. Be2 e5 7. O-O Nc6 8. d5
Ne7 9. b4 Nh5 10. Re1 f5 11. Ng5 Nf6 12. Bf3 c6 13. Be3 cxd5 14. cxd5 h6 15.
Ne6 Bxe6 16. dxe6 fxe4 17. Nxe4 Nxe4 18. Bxe4 d5 19. Bc2 b6 {Theory
investigations sometimes spreads until 25-30 move...Our variation also is
quite well-known and long.} 20. Qg4 {Another continuations bring to Black
serious advantage, for example:} (20. b5 Qd6 21. Bc1 Rad8 22. Bb3 Kh7 23. a4
Qxe6 24. Ba3 Rd7 $17 {0-1 Malakhatko,V-Sivokho,S/Polanica Zdroj 1999/EXT 2000 
(55)}) (20. Bb3 Qd6 21. Qg4 h5 22. Qe2 Qxe6 $17 (22... Rf5 23. Qa6 Kh7 24. Bc5
$11 {1/2-1/2 Villavicencio,A-Del Rey,D/Maspalomas 2000/EXT 2001 (30)})) (20.
Ba4 Qd6 21. Bd7 Qxb4 22. Rb1 Qh4 23. f3 Rf5 24. Bf2 Qf6 25. Bg3 h5 26. h3 Rf8
27. Kh1 Qg5 $17 {0-1 Malakhatko,V-Jenni,F/Istanbul 2000/EXT 2001 (39)}) 20...
e4 (20... Rf6 21. Rad1 Qd6 22. Bb3 Rd8 23. b5 Qxe6 (23... d4 $2 24. f4 $16 {
-see commented game 1-0 Abbasov,F-Szczechowicz,B/Barlinek 2001/CBM 85_01
[Tsesarsky] (30)}) 24. Qxe6+ Rxe6 25. Bc1 $44 {1/2-1/2 Umanskaya,I-Brustman,A/
Koszalin 1998/CBM 65 ext (62)}) 21. Rad1 Qc7 22. Bb3 (22. Ba4 Rf5 23. Bd7 Raf8
24. Qe2 (24. b5 Qc3 25. Rc1 (25. Re2 d4 26. Bc1 d3 $17) 25... Qf6 26. g3 d4 27.
Bf4 g5 28. Bd6 d3 $15) 24... Be5 25. h3 Bh2+ 26. Kh1 Bf4 27. Bd4 $132 {1/2-1/2
Shariyazdanov,A-Iskusnyh,S/Tula 1999/EXT 2000 (30)}) 22... Rf5 23. Rd2 {
Except of this move, White tried also} (23. Bd4 Bxd4 24. Rxd4 Qc3 25. Qd1 Raf8
26. Re2 $132 {1/2-1/2 Iskusnyh,S-Motylev,A/Moscow 1999/CBM 70 (28)}) ({and} 23.
Re2 h5 (23... Qc3 24. b5 Raf8 25. Rc2 Qe5 26. Qg3 $44 (26. Rcd2 Rd8 27. Rd4 h5
$17 {1/2-1/2 Mikhalevski,V-David,A/Vlissingen 2000/CBM 77 ext (43)})) 24. Qh4
Bf6 25. Qg3 Be5 26. Qh4 Bf6 27. Qg3 Be5 28. Qh4 Bf6 {1/2-1/2 Xu Jun-Ponomariov,
R/Shenyang 2000/CBM 79 no vc (28)}) 23... Qc3 ({Badly is} 23... Bc3 $2 24. Rc1
Qe5 25. Rxd5 $1 Nxd5 26. Qxg6+ $18 {1-0 Sherbakov,R-Iskusnyh,S/Tula 1999/EXT
2000 (38)}) ({Worth of attention} 23... Raf8 $5 24. Red1 {[%csl Rd5][%cal
Gd1d5,Gb3d5]} Qc6 25. Rc2 $1 ({Badly is} 25. Rxd5 $2 Rxd5 26. Rxd5 Nxd5 27. e7
Re8 28. Qxe4 Kh7 29. Bxd5 Qf6 $17) (25. h4 $2 Kh7 26. Rc2 Qxe6 27. Rc7 h5 28.
Qe2 Qd6 29. Rxa7 d4 30. Qc4 b5 31. Rxd4 bxc4 32. Rxd6 cxb3 33. Rxe7 b2 34. Rd1
R8f7 35. Rxe4 Rd5 36. Rb1 Rfd7 37. Bg5 (37. Bc5 Rd1+ 38. Re1 Rxe1+ 39. Rxe1 Rd3
40. Rb1 Ra3 $19) 37... Rd1+ 38. Re1 Rxe1+ 39. Rxe1 Ra7 {0-1 Savchenko,
S-Ponomariov,R/Alushta 2000/EXT 2001 (39)}) 25... Qxe6 26. Rc7 h5 27. Qe2 $44)
24. Qd1 $5 $146 (24. Red1 $2 Qxb4 25. Bd4 Rc8 26. Qe2 Bxd4 27. Rxd4 Qc5 $17 {
0-1 Werle,J-David,A/Amsterdam 2000/CBM 77 ext (61)}) 24... Rd8 $5 (24... Qxb4
$2 25. g4 Re5 26. Rd4 Qa5 (26... Qb5 27. Bf4 Rxe6 28. Rxd5 Nxd5 29. Bxd5 Rae8
30. Rxe4 $18) 27. Bd2 Qb5 28. a4 Qc6 29. Bb4 $14 {[%csl Rd5,Re7][%cal Gb4e7]})
25. b5 Qc8 26. Bd4 ({Interesting was} 26. g4 {with very complicated position.}
Rff8 $1 (26... Rf6 $2 27. Bxd5 Rxd5 28. Rxd5 Nxd5 29. Qxd5 Qxe6 30. Rd1 $16) (
26... Re5 27. Bf4 Rxe6 28. Bxd5 Nxd5 29. Rxd5 Rf8 30. Rd7 Qc4 31. Qc1 Qxc1 32.
Bxc1 Rf7 33. Red1 $14) 27. Bxd5 Bc3 28. Bxe4 Bxd2 29. Bxd2 Qxe6 30. Qe2 $44)
26... Bxd4 27. Rxd4 Qc5 (27... Qxe6 $4 28. Rdxe4 $18) 28. Re2 (28. Rexe4 $2 {
would meet elegant refutation:} Rxf2 $1 29. Re3 Rdf8 30. Red3 Nf5 $1 $17) 28...
Rdf8 (28... Qxb5 $6 29. Rexe4 $14) 29. a4 Re5 30. h3 {Equal position is
created. Neither White, nor Black can't improve their pieces location.So,
partners agreed to draw. We can see one more proof of reliability of this
opening variation.} 1/2-1/2